Interpretación y sobreinterpretación / (Registro nro. 11764)

Detalles MARC
000 -LEADER
campo de control de longitud fija 01033nam a2200301 i 4500
001 - NÚMERO DE CONTROL
campo de control 11764
003 - IDENTIFICADOR DE NÚMERO DE CONTROL
campo de control ES-MaACL
005 - FECHA Y HORA DE LA ÚLTIMA TRANSACCIÓN
campo de control 20250902063049.0
007 - CAMPO FIJO DE DESCRIPCIÓN FÍSICA--INFORMACIÓN GENERAL
campo de control de longitud fija t|
008 - DATOS DE LONGITUD FIJA--INFORMACIÓN GENERAL
campo de control de longitud fija 961021s1995 xxk ||||1| spa d
020 ## - NÚMERO INTERNACIONAL ESTÁNDAR DEL LIBRO
Número Internacional Estándar del Libro 0-521-476496
080 ## - NÚMERO DE LA CLASIFICACIÓN DECIMAL UNIVERSAL
Número de la Clasificación Decimal Universal 81'42
080 ## - NÚMERO DE LA CLASIFICACIÓN DECIMAL UNIVERSAL
Número de la Clasificación Decimal Universal 81'22
100 1# - ENTRADA PRINCIPAL--NOMBRE DE PERSONA
Nombre de persona Eco, Umberto,
Fechas asociadas al nombre 1932-2016
9 (RLIN) 46611
245 10 - MENCIÓN DEL TÍTULO
Título Interpretación y sobreinterpretación /
Mención de responsabilidad, etc. Umberto Eco ; con colaboraciones de Richard Rorty, Jonathan Culler, Christine Brooke-Rose ; compilación de Stefan Collini ; traducción: Juan Gabriel López Guix.
250 ## - MENCION DE EDICION
Mención de edición 1ª ed. española.
260 ## - PUBLICACIÓN, DISTRIBUCIÓN, ETC.
Lugar de publicación, distribución, etc. Cambridge :
Nombre del editor, distribuidor, etc. University Press,
Fecha de publicación, distribución, etc. 1995.
300 ## - DESCRIPCIÓN FÍSICA
Extensión 164 p. ;
Dimensiones 22 cm.
650 07 - PUNTO DE ACCESO ADICIONAL DE MATERIA--TÉRMINO DE MATERIA
Término de materia o nombre geográfico como elemento de entrada Análisis del discurso
Fuente del encabezamiento o término embne
9 (RLIN) 9764
650 #4 - PUNTO DE ACCESO ADICIONAL DE MATERIA--TÉRMINO DE MATERIA
Término de materia o nombre geográfico como elemento de entrada Semiótica.
9 (RLIN) 17041
700 1# - ENTRADA AGREGADA--NOMBRE PERSONAL
Nombre de persona Rorty, Richard.
9 (RLIN) 99561
700 1# - ENTRADA AGREGADA--NOMBRE PERSONAL
Nombre de persona Culler, Jonathan.
9 (RLIN) 42145
700 1# - ENTRADA AGREGADA--NOMBRE PERSONAL
Nombre de persona Brooke-Rose, Christine.
9 (RLIN) 31912
700 1# - ENTRADA AGREGADA--NOMBRE PERSONAL
Nombre de persona Collini, Stefan.
9 (RLIN) 39727
700 1# - ENTRADA AGREGADA--NOMBRE PERSONAL
Nombre de persona López Guix, Gabriel.
9 (RLIN) 73692
852 ## - LOCALIZACIÓN
Ubicación ES-MaACL
Número de control de estantería L-19053
Existencias
Estatus retirado Estado de pérdida Estado de daño No para préstamo Biblioteca de origen Biblioteca actual Ubicación en estantería Fecha de adquisición Fuente de adquisición Total de préstamos Signatura topográfica completa Código de barras Visto por última vez Precio de reemplazo Tipo de ítem Koha
        Biblioteca del Ateneo de Madrid Biblioteca del Ateneo de Madrid Depósito 2 17/01/2008     L-19053 1011989 23/02/2023 23/02/2023 Libro impreso